000 01063nas a2200253Ia 4500
001 R122/45015
003 IT-RoPAU
008 151124c99999999xx |||||||||||| ||und||
040 _aIT-RoPAU
040 _cIT-RoPAU
041 _aITALIANO
100 _aMoles Abraham
_gCodice Aut. SPICS: 3668
210 _aMASS MEDIA
222 _aMass Media
245 _aMASS MEDIA, ANNO 02-N.1 (GENNAIO/FEBBRAIO 1983)
_bPer Una Sociologia Fondata Sulla Nuova Comunicazione
250 _a1a ed.
260 _aITALIA
_bCAPONE CAVALLINO DI LECCE
_c1983
501 _bPaulus - SPICS - Società San Paolo EM (non-commercial uses only)
_cCopyright2015
300 _a19 p. [9-27]
362 _aANNO 002, N.01 (GENNAIO/FEBBRAIO 1983)
500 _aNuove Forme di Interazione a Distanza. Costanza dell'Essere Durante i Cambiamenti Tecnologici. Sociologia Fondata Sulle Nuove Forme di Interazione. Ordine Prossimo e Ordine a Distanza. Dialettica Segni e Sovra-Segni. Piano Delle Relazioni Funzionali. Pian
650 _aCOMUNICAZIONE
_vPUBBLICAZIONE PERIODICA
942 _cCR
999 _c110778
_d110778